Statistics for Music Trivia: More TV Theme Songs

Click here to take the quiz!

General Stats

  • This quiz has been taken 98 times
  • The average score is 5 of 15

Answer Stats

For each theme song......name the TV series% Correct
I'll Be There for YouFriends
91%
Love and MarriageMarried...with Children
74%
Thank You for Being a FriendGolden Girls
69%
Bad BoysCops
63%
Cleveland RocksThe Drew Carey Show
38%
Bandstand BoogieAmerican Bandstand
23%
I Don't Want to WaitDawson's Creek
22%
CaliforniaThe O.C.
22%
The William Tell OvertureThe Lone Ranger
20%
It's a Jungle Out ThereMonk
19%
SupermanScrubs
17%
You've Got TimeOrange is the New Black
12%
Think!Jeopardy
11%
In the StreetThat '70s Show
9%
Way Down in the HoleThe Wire
2%

Score Distribution

Percentile by Number Answered

Percent of People with Each Score

Your Score History

You have not taken this quiz